| 000 | 00708aam a2200253 4500 | ||
|---|---|---|---|
| 005 | 20250820130738.0 | ||
| 008 | 150618b2009 xxu||||| |||| 00| 0 spa d | ||
| 020 | _a9700734129 | ||
| 041 | _aESP | ||
| 082 | _a614.1 F825h | ||
| 100 |
_aFranco de Ambriz, Martha _925123 |
||
| 245 | _aHematología forense y otras técnicas serológicas | ||
| 260 | _aMéxico | ||
| 300 | _a130 páginas | ||
| 490 | _aInvestigación Criminal | ||
| 650 | _aHEMATOLOGÍA | ||
| 650 | _aTEJIDO SANGUINEO | ||
| 650 | _aMUESTRA DE SANGRE | ||
| 650 | _aIDENTIFICACIÓN DE SANGRE | ||
| 650 | _aTÉCNICAS DE CONFIRMACIÓN | ||
| 650 | _aTÉCNICAS DE INMUNOELECTROFORESIS | ||
| 650 | _aGRUPO SANGUINEO | ||
| 942 |
_cBK _2ddc |
||
| 999 |
_c2947 _d2947 |
||